Legal risk in the financial markets / (رقم التسجيلة. 19502)

تفاصيل مارك
000 -الفاتح
حقل البيانات ثابتة الطول 01323cam a2200325 a 4500
001 - رقم الضبط
رقم الضبط 16420717
003 - محدد رقم الضبط
رقم الضبط OSt
005 - وقت وتاريخ اخر تعامل مع التسجيلة
رقم الضبط 20150408113956.0
008 - عناصر البيانات ثابتة الطول - معلومات عامة
حقل البيانات ثابتة الطول 111210s2010 enk b 001 0 eng
010 ## - رقم ضبط مكتبة الكونجرس
رقم ضبط مكتبة الكونجرس
020 ## - الرقم الدولى المعيارى للكتب
الرقم الدولى المعيارى للكتاب 9780199575916
040 ## - مصدر الفهرسة
وكالة الفهرسة الأصلية DLC
وكالة النسخ MU
وكالة التعديل DLC
042 ## - رمز التحقق
رمز التحقق pcc
082 00 - رقم تصنيف ديوى العشرى
رقم التصنيف 346.5125082 M R L
رقم الطبعة 22
100 1# - المدخل الرئيسى - إسم شخصى
الإسم الشخصى McCormick, Roger.
9 (RLIN) 7569
245 10 - بيان العنوان
العنوان Legal risk in the financial markets /
بيان المسئوليه,etc Roger McCormick.
250 ## - بيان الطبعة
بيان الطبعة 2nd ed.
260 ## - PUBLICATION, DISTRIBUTION, ETC. (IMPRINT)
مكان الناشر او الموزع Oxford [England] ;
-- New York :
اسم الناشر او الموزع Oxford University Press,
تاريخ النشر أو التوزيع 2010.
300 ## - الوصف المادى
التعداد xxxvii, 491 p. ;
أبعاد الوعاء 25 cm.
504 ## - تبصرة ببليوجرافية
تبصرة ببليوجرافية,الخ Includes bibliographical references and index.
505 0# - تبصرة محتويات-الفهرس
تبصرة المحتويات المصاغة The general context -- The global financial crisis of 2007-2009 -- The impact of globalization -- Early perceptions of legal risk -- Characteristics of legal risk -- Examples of legal risk -- Legal risk management.
650 #0 - المدخل الاضافى بالموضوع-مصطلح موضوعى
مصطلح موضوعي أو اسم جغرافي كعنصر مدخل Financial services industry
التقسيم الفرعي العام Law and legislation.
9 (RLIN) 7570
650 #0 - المدخل الاضافى بالموضوع-مصطلح موضوعى
مصطلح موضوعي أو اسم جغرافي كعنصر مدخل Financial institutions
التقسيم الفرعي العام Law and legislation.
9 (RLIN) 7571
650 #0 - المدخل الاضافى بالموضوع-مصطلح موضوعى
مصطلح موضوعي أو اسم جغرافي كعنصر مدخل Corporate governance
التقسيم الفرعي العام Law and legislation.
9 (RLIN) 7572
650 #0 - المدخل الاضافى بالموضوع-مصطلح موضوعى
مصطلح موضوعي أو اسم جغرافي كعنصر مدخل Securities.
9 (RLIN) 7573
650 #0 - المدخل الاضافى بالموضوع-مصطلح موضوعى
مصطلح موضوعي أو اسم جغرافي كعنصر مدخل Globalization.
9 (RLIN) 7574
906 ## - عنصر بيانات محلى F, LDF (RLIN)
a 7
b cbc
c orignew
d 1
e ecip
f 20
g y-gencatlg
942 ## - عناصر المدخل الإضافي( كوها)
مصدر التصنيف او مخطط الترفيف Dewey Decimal Classification
Koha [default] item type DVD
المقتنيات
حالة الفقد نموذج السعر الفعال حالة تلف ليس للاعارة رقم الطلب رقم النسخة تاريخ الاكتساب الموقع الحالي الباركود الفرع الرئيسي Date last seen نوع المادة فى نظام كوها مصدر التصنيف او خطة الترفيف Total Checkouts
  2013-03-10     346.5125082 M R L n 1 2011-12-10 كلية الشريعة والقانون - طلاب 00100972 كلية الشريعة والقانون - طلاب 2013-03-10 كتاب Dewey Decimal Classification  
  2013-03-10     346.5125082 M R L n 2 2011-12-10 كلية الشريعة والقانون - طلاب 00100973 كلية الشريعة والقانون - طلاب 2013-03-10 كتاب Dewey Decimal Classification